| 000 | 00490nam a22001817a 4500 | ||
|---|---|---|---|
| 003 | URS | ||
| 005 | 20220114171549.0 | ||
| 008 | 170324b xxu||||| |||| 00| 0 eng d | ||
| 020 | _a9814035025 | ||
| 050 |
_aGN25 _bE45 1999 |
||
| 100 |
_aEmber, Carol R. _4author |
||
| 245 |
_aAnthropology _cCarol R. Ember, Melvin Ember |
||
| 250 | _aNinth Edition | ||
| 260 |
_aSingapore: _bPrentice-Hall, _c1999 |
||
| 300 |
_axx, 573 pages; _c24 cm. |
||
| 700 |
_4author _aEmber, Melvin |
||
| 942 |
_cFR _2lcc |
||
| 999 |
_c14152 _d14152 |
||